[Event "Hessen-ch qual-F"]
[Site "Erlensee"]
[Date "2007.04.06"]
[Round "1"]
[White "Schnepper, Philipp"]
[Black "Biler, Till"]
[Result "1-0"]
[WhiteElo "1178"]
[BlackElo "751"]
[PlyCount "121"]
[EventDate "2007.04.06"]
[EventType "swiss"]
[EventRounds "5"]
[EventCountry "GER"]
[SourceTitle "CBM 117 Extra"]
[Source "ChessBase"]
[SourceDate "2007.05.09"]
[SourceVersion "1"]
[SourceVersionDate "2007.05.09"]
[SourceQuality "1"]

1. Nf3 Nc6 2. d4 e6 3. e4 d6 4. Bb5 Bd7 5. 0-0 b6 6. d5 exd5 7. exd5 Na5 8. Bxd7+ Qxd7 9. Re1+ Be7 10. Bg5 f6 11. Be3 Nc4 12. b3 Nxe3 13. Rxe3 c6 14. c4 cxd5 15. Qxd5 Rc8 16. Nc3 Kf8 17. Qe6 Qxe6 18. Rxe6 Kf7 19. Re2 g5 20. Rae1 Re8 21. Nd5 g4 22. Nd4 f5 23. Nxf5 Nf6 24. Nxd6+ Bxd6 25. Nxf6 Rxe2 26. Rxe2 Kxf6 27. Re4 Kf5 28. Rd4 Bb4 29. g3 Bc5 30. Rf4+ Ke5 31. Rxg4 Rf8 32. Rf4 Rd8 33. Rf7 Rd1+ 34. Kg2 h5 35. Rh7 h4 36. Rxh4 Rd2 37. Rf4 Rxa2 38. h4 Rd2 39. h5 Rd8 40. h6 Rh8 41. Rf7 Rxh6 42. Rxa7 Rf6 43. f4+ Ke4 44. Rd7 Ke3 45. Rd5 Bb4 46. Kh3 Kf3 47. Kh4 Be1 48. Kg5 Rf8 49. f5 Bxg3 50. f6 Rg8+ 51. Kh6 Kg4 52. f7 Rh8+ 53. Kg7 Rd8 54. Rxd8 Bc7 55. Rd4+ Kg5 56. Rd5+ Be5+ 57. Rxe5+ Kf4 58. f8Q+ Kg4 59. Re4+ Kg5 60. Qf6+ Kh5 61. Rh4# 1-0